000 01690nam a2200457Ii 4500
001 DIGEDIUOC632
003 NyNyDIG
006 m o d
007 cr |||||||||||
008 220315s2015 sp o 000 0 spa d
035 _a(OCoLC)1319854761
040 _aDGITA
_beng
_erda
_epn
_cDGITA
020 _a9788491160595
_qeBook
_qpdf
020 _a9788490647295
_qeBook
_qePub
020 _z9788490644881
043 _ae-sp---
050 1 4 _aNA5811.B28 ebook
082 0 4 _a726
100 1 _aEscales, Carme,
_d1970-
_eauthor.
245 1 0 _aTras los andamios de la Sagrada Familia /
_cCarme Escales.
250 _aSegunda edición revisada.
264 1 _aBarcelona :
_bEditorial UOC,
_c[2015]
300 _a1 online resource.
336 _atext
_btxt
_2rdacontent
337 _acomputer
_bc
_2rdamedia
338 _aonline resource
_bcr
_2rdacarrier
347 _atext file
_2rdaft
347 _bPDF
490 1 _a360° reportajes
588 0 _aOnline resource; title from PDF title page (Digitalia, viewed March 15, 2022)
610 2 0 _aSagrada Família (Church : Barcelona, Spain)
651 0 _aBarcelona (Spain)
_xBuildings, structures, etc.
655 0 _aElectronic books.
791 2 _aDigitalia (Firm),
_edistributor.
793 0 _gDigitalia eBook Collection:
_aUniversitat Oberta de Catalunya
776 0 8 _iPrint version:
_aEscales, Carme, 1970-
_tTras los andamios de la Sagrada Familia.
_bPrimera edición en lengua castellana.
_dBarcelona : Editorial UOC, [2014]
_z9788490644881
830 0 _a360° reportajes ;
_v4.
856 4 0 _3Digitalia Hispánica
_uhttps://www.digitaliapublishing.com/a/44013/
910 _aPremium collection: 2022
942 _cRAA
999 _c248357
_d248357